000 01232nam a22003497a 4500
003 CHAP
005 20220817042650.0
008 971013s1975 r 00010 d
010 _a51540
011 _a52512
035 _a56662
040 _cCHAP
082 _a338.9724
_bT6
100 0 0 _aToxqui y Fernández de Lara, Alfredo.
_9114468
245 _aApuntes para un plan de desarrollo socioeconómico en el estodo de Puebla, 1975-1981
260 _aMéxico, D.F. :
_b(s.e.),
_c1975
300 _a314 p.
_b: ilus.
590 _aBATCH-UPD
_b10
_c20130109
_lUCH01
_h2339
590 _aBATCH-UPD
_b10
_c20130110
_lUCH01
_h0349
590 _aBATCH-UPD
_b10
_c20130409
_lUCH01
_h1907
590 _aBATCH-UPD
_b10
_c20130410
_lUCH01
_h0022
590 _aBATCH-UPD
_b10
_c20130914
_lUCH01
_h1150
590 _aCONVERSION
_b10
_c20130109
_lUCH01
_h1328
650 1 4 _aDesarrollo económico.
650 1 4 _aPolítica económica
_xPuebla.
_990522
650 1 4 _aPolítica social
_xPuebla.
_990703
650 1 4 _aPuebla
_xCondiciones económicas.
_992870
901 _aBK
942 _cLIBRO
949 _a338.9724 T6
_bBC
_cLIBRO
_d33724000330361
_eLIBRO
_fc.2
_h66241
_i56662
_si
949 _a338.9724 T6
_bBC
_cLIBRO
_d33724000409207
_eLIBRO
_h35687
_i56662
_si
999 _c51540
_d51540